|
|
|
|
| LEADER |
00000nam0a2200000 4500 |
| 001 |
181198 |
| 005 |
20240914063125.0 |
| 035 |
|
|
|a (RuTPU)RU\TPU\book\196430
|
| 090 |
|
|
|a 181198
|
| 100 |
|
|
|a 20100603d1986 m y0rusy50 ca
|
| 101 |
0 |
|
|a rus
|
| 102 |
|
|
|a RU
|
| 105 |
|
|
|a ac z 001zd
|
| 200 |
1 |
|
|a Московская изобразительная Пушкиниана
|e [альбом]
|f Государственный музей А. С. Пушкина ; авт.-сост. Л. И. Вуич, Е. В. Муза, Е. В. Павлова ; оформление Б. В. Трофимова
|
| 205 |
|
|
|a 2-е изд., доп. и перераб.
|
| 210 |
|
|
|a Москва
|c Изобразительное искусство
|d 1986
|
| 215 |
|
|
|a 367 с.
|c ил.
|d 29,5 см
|
| 300 |
|
|
|a В футляре.
|
| 320 |
|
|
|a Принятые сокращения: с. 346
|
| 320 |
|
|
|a Примечания: с. 347-356
|
| 320 |
|
|
|a Именной указатель: с. 357-367.
|
| 600 |
|
1 |
|a Пушкин
|b А. С.
|c российский поэт
|c писатель
|f 1799-1837
|g Александр Сергеевич
|7 ca
|8 rus
|2 stltpush
|3 (RuTPU)RU\TPU\pers\1026
|9 453
|
| 610 |
1 |
|
|a альбомы
|
| 610 |
1 |
|
|a музеи
|
| 610 |
1 |
|
|a пушкиниана
|
| 610 |
1 |
|
|a портреты
|
| 675 |
|
|
|a 75.041
|v 3
|
| 686 |
|
|
|a Ч611.68
|v LBC/SL-A
|2 rubbk
|
| 702 |
|
1 |
|a Вуич
|b Л. И.
|g Лада Ивановна
|4 220
|
| 702 |
|
1 |
|a Муза
|b Е. В.
|g Елена Владимировна
|4 220
|
| 702 |
|
1 |
|a Павлова
|b Е. В.
|g Екатерина Всеволодовна
|4 220
|
| 702 |
|
1 |
|a Трофимов
|b Б. В.
|4 130
|
| 712 |
0 |
2 |
|a Государственный музей А. С. Пушкина
|c (открылся 6.06.1961)
|c (Москва)
|2 stltpush
|3 (RuTPU)RU\TPU\col\15983
|
| 801 |
|
1 |
|a RU
|b 63413507
|c 20100603
|
| 801 |
|
2 |
|a RU
|b 63413507
|c 20100604
|g RCR
|
| 942 |
|
|
|c BK
|